000 00472nam a22001937a 4500
003 MPLRDC
005 20220104180937.0
008 210129b ||||| |||| 00| 0 eng d
020 _a967-65-2581-2
082 _a868.7 AAH
100 _aABDUL AHMAD
245 _aAPABILA BINTANG MENGERDIP MALAM
_c
250 _a初版
260 _a
_bFAJAR BAKTI
_c1993
300 _b
490 _aSIRI BACAAN KBSM FAJAR BAKTI, TING. 3
650 _a
942 _cBK
_o868.7 AAH
999 _c61183
_d61173